Erkenne den Deutschrapper am Bild 2 - Statistiken

Allgemein
  • Dieses Quiz wurde 303 mal gespielt
  • Das Durchschnittsergebnis liegt bei 11 aus 16
Antwortstatistiken
Bildquiz Antwort % Korrekt
Ski Aggu
96%
Kontra K
94%
Farid Bang
93%
Kollegah
83%
Pashanim
82%
Raf Camora
77%
Reezy
77%
Nimo
73%
Rin
73%
Veysel
65%
Symba
60%
Lucio101
59%
Yung Hurn
52%
Zartmann
40%
Souly
20%
Miami Yacine
11%
Keine übereinstimmenden Quizze gefunden
Verteilung der Resultate
Anzahl Personen mit jedem Resultat
Perzentil nach korrekt beantworteten Fragen
Ihre Resultats-Entwicklung
Sie haben dieses Quiz noch nicht gespielt